NLSUI OPAC header image

Error 404 : evidence not admissible - debugging evidentiary issues in India's digital forensics and cyber evidence standards (Record no. 217715)

MARC details
000 -LEADER
fixed length control field 00554nam a2200133Ia 4500
005 - DATE AND TIME OF LATEST TRANSACTION
control field 20260209120151.0
008 - FIXED-LENGTH DATA ELEMENTS--GENERAL INFORMATION
fixed length control field 260209s9999||||xx |||||||||||||| ||und||
100 ## - MAIN ENTRY--PERSONAL NAME
Personal name Shubham Singh Bais
245 #0 - TITLE STATEMENT
Title Error 404 : evidence not admissible - debugging evidentiary issues in India's digital forensics and cyber evidence standards
260 ## - PUBLICATION, DISTRIBUTION, ETC.
Place of publication, distribution, etc. BangaloreBangalore
Name of publisher, distributor, etc. NLSIU, Bangalore
Date of publication, distribution, etc. 2023 - 2024
300 ## - PHYSICAL DESCRIPTION
Extent 49 p. ; 25 cm.
700 ## - ADDED ENTRY--PERSONAL NAME
Personal name Ms. Darshana Mitra - SupervisorMs. Darshana Mitra - Supervisor
856 ## - ELECTRONIC LOCATION AND ACCESS
Uniform Resource Identifier <a href="https://dans.nls.ac.in/handle/123456789/2221">https://dans.nls.ac.in/handle/123456789/2221</a>
Holdings
Withdrawn status Lost status Damaged status Not for loan Home library Current library Date acquired Total Checkouts Barcode Date last seen Price effective from Koha item type
        . . 09.02.2026   LLM1082 09.02.2026 09.02.2026 Dissertation